Countries or Capitals Beginning or Ending with K - Statistics

General Stats
  • This quiz has been taken 573 times
    519 since last reset
  • The average score is 17 of 23
Answer Stats
Answer % Correct
Kenya
88%
Kuwait
86%
Kuwait City
86%
Kazakhstan
85%
Kosovo
85%
Kyrgyzstan
83%
Kiribati
80%
Kigali
79%
Kathmandu
78%
Kiev
78%
Kinshasa
77%
Kampala
76%
Kingston
74%
Kingstown
74%
Bishkek
73%
Khartoum
73%
Kuala Lumpur
73%
Bangkok
66%
Kabul
65%
Minsk
63%
Denmark
61%
Reykjavik
52%
Windhoek
48%
No matching quizzes found
Score Distribution
Percent of People with Each Score
Percentile by Number Answered
Your Score History
You have not taken this quiz since the last reset